[Event "Titled Tuesday intern op 09th May Late"]
[Site "Chess.com INT"]
[Date "2023.05.09"]
[Round "2"]
[White "Fathy, Elameir"]
[Black "Tatarinov, Dmitry"]
[Result "0-1"]
[WhiteElo "2300"]
[BlackElo "2310"]
[PlyCount "58"]
[EventDate "2023.05.09"]
[EventType "swiss (blitz)"]
[EventRounds "11"]
[EventCountry "USA"]
[SourceTitle "CBM 214 Extra"]
[Source "ChessBase"]
[SourceDate "2023.07.31"]
[SourceVersion "1"]
[SourceVersionDate "2023.07.31"]
[SourceQuality "1"]

1. d4 d5 2. c4 e6 3. Nf3 Nf6 4. Nc3 dxc4 5. e4 b5 6. e5 Nd5 7. Nxb5 Nb6 8. Be2 Be7 9. 0-0 Ba6 10. Nc3 0-0 11. Be3 Nc6 12. Qc1 Nb4 13. Rd1 Rb8 14. a3 Nd3 15. Bxd3 cxd3 16. Ne1 c5 17. dxc5 Nc4 18. Nxd3 Rb3 19. Nb4 Qc8 20. Rb1 Nxe3 21. Qxe3 Bxc5 22. Qf4 Bb7 23. Ne4 Bxb4 24. axb4 Qa8 25. Re1 Bxe4 26. Rxe4 Qb7 27. h4 h6 28. g4 Rb8 29. g5 h5 0-1

[Event "Titled Tuesday intern op 09th May Late"]
[Site "Chess.com INT"]
[Date "2023.05.09"]
[Round "1"]
[White "Manukyan, Sargis A"]
[Black "Fathy, Elameir"]
[Result "0-1"]
[WhiteElo "2158"]
[BlackElo "2300"]
[PlyCount "158"]
[EventDate "2023.05.09"]
[EventType "swiss (blitz)"]
[EventRounds "11"]
[EventCountry "USA"]
[SourceTitle "CBM 214 Extra"]
[Source "ChessBase"]
[SourceDate "2023.07.31"]
[SourceVersion "1"]
[SourceVersionDate "2023.07.31"]
[SourceQuality "1"]

1. d4 d5 2. c4 e6 3. Nc3 c6 4. e3 Nf6 5. Nf3 Nbd7 6. Bd3 dxc4 7. Bxc4 Bd6 8. e4 b5 9. Bd3 e5 10. 0-0 0-0 11. a3 Qe7 12. Bg5 h6 13. Bh4 exd4 14. Nxd4 Qe5 15. Nf3 Qh5 16. Bg3 Bxg3 17. hxg3 Ng4 18. Re1 Nde5 19. Be2 Be6 20. Nh4 g5 21. Bxg4 Nxg4 22. Nf3 Rad8 23. Qc2 f5 24. e5 f4 25. Ne4 Bd5 26. gxf4 Rxf4 27. Ng3 Qf7 28. Rad1 Re8 29. Rxd5 cxd5 30. Qc6 Rxf3 31. gxf3 Nxe5 32. Rxe5 Rxe5 33. Qc8+ Kg7 34. Qc3 Qe6 35. f4 gxf4 36. Nh5+ Kh7 37. Nxf4 Qg4+ 38. Ng2 Qg5 39. Qc7+ Re7 40. Qc2+ Qg6 41. Qc5 Rg7 42. Qxd5 Qxg2+ 43. Qxg2 Rxg2+ 44. Kxg2 Kg6 45. Kg3 Kf5 46. Kf3 h5 47. b3 a5 48. a4 b4 49. Kg3 Ke4 50. f3+ Kf5 51. Kg2 Kf4 52. Kf2 h4 53. Ke2 h3 54. Kf2 h2 55. Kg2 h1Q+ 56. Kxh1 Kxf3 57. Kg1 Ke3 58. Kf1 Kd3 59. Ke1 Kc3 60. Kd1 Kxb3 61. Kc1 Kxa4 62. Kb1 Kb3 63. Ka1 a4 64. Kb1 a3 65. Ka1 Kc2 66. Ka2 b3+ 67. Kxa3 b2 68. Kb4 b1Q+ 69. Kc5 Qb3 70. Kd4 Kd2 71. Kc5 Qf3 72. Kd6 Qf5 73. Kc6 Kd3 74. Kd6 Kc4 75. Ke7 Qg6 76. Kd7 Kd5 77. Ke7 Qh7+ 78. Kf8 Ke6 79. Ke8 Qh8# 0-1

[Event "Titled Tuesday intern op 02nd May Early"]
[Site "Chess.com INT"]
[Date "2023.05.02"]
[Round "8"]
[White "Fathy, Elameir"]
[Black "Shuvalov, Evgenij"]
[Result "0-1"]
[WhiteElo "2300"]
[BlackElo "2038"]
[PlyCount "102"]
[EventDate "2023.05.02"]
[EventType "swiss (blitz)"]
[EventRounds "11"]
[EventCountry "USA"]
[SourceTitle "EXT 2024"]
[Source "ChessBase"]
[SourceDate "2023.10.10"]
[SourceVersion "1"]
[SourceVersionDate "2023.10.10"]
[SourceQuality "1"]

1. d4 Nf6 2. c4 g6 3. Nc3 d5 4. Nf3 Bg7 5. Qb3 dxc4 6. Qxc4 0-0 7. e4 a6 8. Be2 b5 9. Qb3 c5 10. dxc5 Bb7 11. e5 Nfd7 12. Be3 Nxe5 13. Nxe5 Bxe5 14. 0-0 Nc6 15. Rfd1 Qb8 16. h3 e6 17. Rac1 Rd8 18. Rxd8+ Qxd8 19. Rd1 Qe7 20. a3 Rd8 21. Qc2 Nd4 22. Bxd4 Rxd4 23. Rxd4 Bxd4 24. b4 Qf6 25. Nd1 Bc6 26. Qd3 e5 27. Bf3 Bxf3 28. Qxf3 Qxf3 29. gxf3 Kf8 30. Kf1 Ke7 31. Ke2 Ke6 32. Kd3 Kd5 33. Ne3+ Kc6 34. Ng4 f5 35. Nf6 Bxf2 36. Nxh7 Bd4 37. Nf8 Bb2 38. Nxg6 Kd5 39. h4 Bxa3 40. h5 Bc1 41. Ne7+ Ke6 42. Nc8 Bg5 43. Nd6 Bh6 44. Nb7 Bf8 45. Na5 Kd5 46. Nb7 e4+ 47. fxe4+ fxe4+ 48. Ke2 Bh6 49. Na5 Ke5 50. Kf2 Bf4 51. Ke2 Kf5 0-1

[Event "Titled Tuesday intern op 28th Mar Early"]
[Site "Chess.com INT"]
[Date "2023.03.28"]
[Round "6"]
[White "Kriti, Mayur Patel"]
[Black "Fathy, Elameir"]
[Result "1-0"]
[WhiteElo "1434"]
[BlackElo "2300"]
[PlyCount "53"]
[EventDate "2023.03.28"]
[EventType "swiss (blitz)"]
[EventRounds "11"]
[EventCountry "USA"]
[SourceTitle "EXT 2024"]
[Source "ChessBase"]
[SourceDate "2023.10.10"]
[SourceVersion "1"]
[SourceVersionDate "2023.10.10"]
[SourceQuality "1"]

1. e4 c6 2. d4 d5 3. exd5 cxd5 4. Bd3 Nc6 5. c3 Nf6 6. h3 e5 7. dxe5 Nxe5 8. Nf3 Nxd3+ 9. Qxd3 Bd6 10. Kf1 0-0 11. Bg5 Be6 12. g4 h6 13. Bh4 Be7 14. g5 Ne4 15. Nbd2 Nxg5 16. Bxg5 hxg5 17. Re1 Qd7 18. Ne5 Bxh3+ 19. Rxh3 Qxh3+ 20. Qxh3 Bf6 21. Ng4 Bd8 22. Kg2 f6 23. Rh1 Kf7 24. Qh5+ Ke7 25. Qg6 Rf7 26. Nf3 Bc7 27. Nd4 1-0

[Event "Titled Tuesday intern op 14th Mar Early"]
[Site "Chess.com INT"]
[Date "2023.03.14"]
[Round "3"]
[White "Fathy, Elameir"]
[Black "Agasarov, Benik"]
[Result "0-1"]
[WhiteElo "2300"]
[BlackElo "2235"]
[PlyCount "48"]
[EventDate "2023.03.14"]
[EventType "swiss (blitz)"]
[EventRounds "11"]
[EventCountry "USA"]
[SourceTitle "EXT 2024"]
[Source "ChessBase"]
[SourceDate "2023.10.10"]
[SourceVersion "1"]
[SourceVersionDate "2023.10.10"]
[SourceQuality "1"]

1. d4 Nf6 2. c4 e6 3. Nf3 Bb4+ 4. Bd2 Qe7 5. e3 0-0 6. Bd3 Bxd2+ 7. Qxd2 d6 8. Nc3 e5 9. Bc2 Bg4 10. dxe5 dxe5 11. h3 Rd8 12. Qe2 Bh5 13. g4 Bg6 14. Bxg6 hxg6 15. Ng5 Nbd7 16. 0-0-0 c6 17. h4 Nc5 18. h5 gxh5 19. gxh5 Rxd1+ 20. Qxd1 Rd8 21. Qf3 Nd3+ 22. Kb1 Qb4 23. Nd1 Qd2 24. h6 Qc1# 0-1

[Event "Titled Tuesday intern op 14th Mar Early"]
[Site "Chess.com INT"]
[Date "2023.03.14"]
[Round "7"]
[White "Manukyan, Sargis V"]
[Black "Fathy, Elameir"]
[Result "1-0"]
[WhiteElo "2253"]
[BlackElo "2300"]
[PlyCount "81"]
[EventDate "2023.03.14"]
[EventType "swiss (blitz)"]
[EventRounds "11"]
[EventCountry "USA"]
[SourceTitle "EXT 2024"]
[Source "ChessBase"]
[SourceDate "2023.10.10"]
[SourceVersion "1"]
[SourceVersionDate "2023.10.10"]
[SourceQuality "1"]

1. d4 d5 2. c4 e6 3. Nc3 c6 4. Nf3 Nf6 5. cxd5 exd5 6. Bg5 Bd6 7. e3 0-0 8. Bd3 Re8 9. Qc2 h6 10. Bh4 Nbd7 11. 0-0 Be7 12. Rab1 Ne4 13. Bxe4 Bxh4 14. Bh7+ Kh8 15. Bd3 Be7 16. b4 a6 17. a4 Nf6 18. Ne5 Kg8 19. b5 cxb5 20. axb5 a5 21. b6 Bb4 22. Nb5 Qxb6 23. Nc7 Be6 24. Nxe8 Nxe8 25. Bh7+ Kf8 26. Bf5 Rc8 27. Bxe6 Rxc2 28. Nd7+ Ke7 29. Nxb6 fxe6 30. Rfc1 Rxc1+ 31. Rxc1 Nd6 32. g3 Kd8 33. Kg2 g6 34. g4 g5 35. h3 Ba3 36. Rc2 Bb4 37. f3 Ba3 38. Kg3 Bb4 39. Kf2 Ba3 40. Ke2 Bb4 41. Kd3 1-0

[Event "Titled Tuesday intern op 7th Mar Early"]
[Site "Chess.com INT"]
[Date "2023.03.07"]
[Round "10"]
[White "Fathy, Elameir"]
[Black "Aradhya, Garg"]
[Result "0-1"]
[WhiteElo "2300"]
[BlackElo "2305"]
[PlyCount "44"]
[EventDate "2023.03.07"]
[EventType "swiss (blitz)"]
[EventRounds "11"]
[EventCountry "USA"]
[SourceTitle "EXT 2024"]
[Source "ChessBase"]
[SourceDate "2023.10.10"]
[SourceVersion "1"]
[SourceVersionDate "2023.10.10"]
[SourceQuality "1"]

1. d4 d5 2. c4 c6 3. Nc3 Nf6 4. e3 Bf5 5. cxd5 cxd5 6. Qb3 Nc6 7. Qxb7 Bd7 8. Qb3 Rb8 9. Qd1 e5 10. dxe5 Nxe5 11. Be2 Bd6 12. Nf3 0-0 13. 0-0 Qe7 14. Nd4 Rfc8 15. a4 Nc4 16. Qc2 h5 17. Nf5 Bxh2+ 18. Kxh2 Qe5+ 19. Ng3 h4 20. Bxc4 Rxc4 21. e4 hxg3+ 22. fxg3 Ng4+ 0-1

[Event "Titled Tuesday intern op 7th Mar Early"]
[Site "Chess.com INT"]
[Date "2023.03.07"]
[Round "5"]
[White "Novikova, Margarita"]
[Black "Fathy, Elameir"]
[Result "0-1"]
[WhiteElo "1985"]
[BlackElo "2300"]
[PlyCount "144"]
[EventDate "2023.03.07"]
[EventType "swiss (blitz)"]
[EventRounds "11"]
[EventCountry "USA"]
[SourceTitle "EXT 2024"]
[Source "ChessBase"]
[SourceDate "2023.10.10"]
[SourceVersion "1"]
[SourceVersionDate "2023.10.10"]
[SourceQuality "1"]

1. e4 c6 2. d4 d5 3. exd5 cxd5 4. Nf3 Nf6 5. Be2 Nc6 6. c3 Bf5 7. h3 e6 8. 0-0 Bd6 9. Re1 0-0 10. Nbd2 a6 11. Nf1 b5 12. Bg5 Be7 13. Bd3 Bg6 14. Bxg6 hxg6 15. Ne5 Nxe5 16. dxe5 Nd7 17. Bxe7 Qxe7 18. Qe2 Nb6 19. b3 Rfc8 20. Rac1 Rc7 21. f4 Rac8 22. Qf3 Qa3 23. Qf2 Qc5 24. Nd2 Qxf2+ 25. Kxf2 Rxc3 26. Rxc3 Rxc3 27. Ra1 Kf8 28. Ke2 Ke7 29. Nf3 Rc2+ 30. Kf1 Kd7 31. Nd4 Rc8 32. Ke2 Rc7 33. Kd3 Nc8 34. g4 Na7 35. Rf1 Nc6 36. Nc2 a5 37. a3 Ke7 38. Kd2 Rc8 39. Re1 Rh8 40. Re3 Rc8 41. Rf3 g5 42. fxg5 Nxe5 43. Re3 Nc6 44. Kd3 e5 45. Ne1 Kd6 46. h4 b4 47. a4 e4+ 48. Kd2 Ne5 49. h5 Nxg4 50. Rh3 d4 51. h6 gxh6 52. gxh6 Rh8 53. h7 Nf6 54. Rh6 Ke6 55. Ng2 Rxh7 56. Rxh7 Nxh7 57. Nf4+ Kd6 58. Nh5 f5 59. Ng7 Ke5 60. Ne8 e3+ 61. Kd3 Nf6 62. Nc7 Nd5 63. Nb5 Nf4+ 64. Kc4 e2 65. Nxd4 Ke4 66. Nc2 Nd3 67. Kb5 e1Q 68. Nxe1 Nxe1 69. Kxa5 f4 70. Kxb4 f3 71. Kc3 f2 72. Kd2 f1Q 0-1

[Event "Titled Tuesday intern op 7th Mar Early"]
[Site "Chess.com INT"]
[Date "2023.03.07"]
[Round "9"]
[White "Preotu, Razvan"]
[Black "Fathy, Elameir"]
[Result "0-1"]
[WhiteElo "2483"]
[BlackElo "2300"]
[PlyCount "92"]
[EventDate "2023.03.07"]
[EventType "swiss (blitz)"]
[EventRounds "11"]
[EventCountry "USA"]
[SourceTitle "EXT 2024"]
[Source "ChessBase"]
[SourceDate "2023.10.10"]
[SourceVersion "1"]
[SourceVersionDate "2023.10.10"]
[SourceQuality "1"]

1. e4 c6 2. Nc3 d5 3. Nf3 Bg4 4. h3 Bxf3 5. Qxf3 e6 6. Be2 Bc5 7. 0-0 Nd7 8. exd5 exd5 9. Re1 Ne7 10. Na4 0-0 11. Nxc5 Nxc5 12. d4 Ne4 13. Bd3 f5 14. c4 Qd7 15. Bf4 Ng6 16. Bh2 Rae8 17. cxd5 cxd5 18. Rac1 Qa4 19. Qd1 Qxd4 20. Bxe4 Qxd1 21. Rexd1 dxe4 22. Rd7 Rf7 23. Rcc7 Rxd7 24. Rxd7 Re7 25. Rd8+ Kf7 26. Bd6 Re6 27. Bc5 b6 28. Bb4 a5 29. Bc3 f4 30. Rd7+ Re7 31. Rd6 Re6 32. Rxe6 Kxe6 33. Bxg7 Kd5 34. Kf1 b5 35. Ke2 a4 36. b3 axb3 37. axb3 Ne7 38. g4 fxg3 39. fxg3 Nf5 40. Bc3 Nxg3+ 41. Ke3 Nf5+ 42. Kf4 Nd4 43. Kg5 Nxb3 44. Kh6 Kc4 45. Be1 Kd3 46. Kxh7 Nd2 0-1

[Event "Titled Tuesday intern op 07th Feb Early"]
[Site "Chess.com INT"]
[Date "2023.02.07"]
[Round "7"]
[White "Eynullayev, Atilla Elshan"]
[Black "Fathy, Elameir"]
[Result "0-1"]
[WhiteElo "2281"]
[BlackElo "2300"]
[PlyCount "104"]
[EventDate "2023.02.07"]
[EventType "swiss (blitz)"]
[EventRounds "11"]
[EventCountry "USA"]
[SourceTitle "EXT 2024"]
[Source "ChessBase"]
[SourceDate "2023.10.10"]
[SourceVersion "1"]
[SourceVersionDate "2023.10.10"]
[SourceQuality "1"]

1. e4 c6 2. Nf3 d5 3. Nc3 Bg4 4. h3 Bxf3 5. Qxf3 e6 6. Be2 Bc5 7. exd5 exd5 8. 0-0 Ne7 9. Rd1 Bd4 10. Qg4 Bf6 11. d4 0-0 12. Bd3 Nd7 13. Ne2 g6 14. c3 Bg7 15. Ng3 Nf6 16. Qf3 Nc8 17. h4 Nd6 18. h5 Qd7 19. h6 Bh8 20. Bg5 Ng4 21. Re1 Rfe8 22. Qf4 f6 23. Bh4 f5 24. Nh5 gxh5 25. Qg5+ Kf8 26. f3 Nf6 27. Re5 Rxe5 28. dxe5 Nf7 29. Qf4 Ne8 30. Bxf5 Bxe5 31. Qb4+ Qd6 32. Qxb7 Rb8 33. Qxa7 Bh2+ 34. Kh1 Bg3 35. Bxg3 Qxg3 36. Re1 Rxb2 37. Qc5+ Nfd6 38. Bh3 Qxe1+ 39. Kh2 Qe5+ 40. Kh1 Rb1+ 41. Qg1 Rxg1+ 42. Kxg1 Nc4 43. Kh1 Qe1+ 44. Kh2 Nd2 45. Bf5 Qh4+ 46. Kg1 Nd6 47. Bh3 Qg3 48. Kh1 N6c4 49. Kg1 Ne3 50. Kh1 Nxf3 51. gxf3 Qxh3+ 52. Kg1 Qg2# 0-1

[Event "Titled Tuesday intern op 07th Feb Early"]
[Site "Chess.com INT"]
[Date "2023.02.07"]
[Round "6"]
[White "Fathy, Elameir"]
[Black "Baruch, Liam"]
[Result "1-0"]
[WhiteElo "2300"]
[BlackElo "1718"]
[PlyCount "51"]
[EventDate "2023.02.07"]
[EventType "swiss (blitz)"]
[EventRounds "11"]
[EventCountry "USA"]
[SourceTitle "EXT 2024"]
[Source "ChessBase"]
[SourceDate "2023.10.10"]
[SourceVersion "1"]
[SourceVersionDate "2023.10.10"]
[SourceQuality "1"]

1. d4 d5 2. c4 e6 3. Nf3 Nf6 4. Nc3 Be7 5. Bf4 0-0 6. e3 b6 7. Bd3 dxc4 8. Bxc4 Ba6 9. Bxa6 Nxa6 10. Qa4 Qc8 11. 0-0 Qb7 12. Rac1 c5 13. Rfd1 Rac8 14. a3 Rfd8 15. h3 h6 16. Nb5 Nd5 17. Bg3 cxd4 18. exd4 Rxc1 19. Rxc1 Rd7 20. Ne5 Rd8 21. Nc6 Ra8 22. Nxe7+ Nxe7 23. Nd6 Qd5 24. Qxa6 Qxd4 25. Qb7 Rd8 26. Qxe7 1-0

[Event "Titled Tuesday intern op 07th Feb Late"]
[Site "Chess.com INT"]
[Date "2023.02.07"]
[Round "5"]
[White "Vidal del Rio, Manuel"]
[Black "Fathy, Elameir"]
[Result "1-0"]
[WhiteElo "2102"]
[BlackElo "2300"]
[PlyCount "67"]
[EventDate "2023.02.07"]
[EventType "swiss (blitz)"]
[EventRounds "11"]
[EventCountry "USA"]
[SourceTitle "EXT 2024"]
[Source "ChessBase"]
[SourceDate "2023.10.10"]
[SourceVersion "1"]
[SourceVersionDate "2023.10.10"]
[SourceQuality "1"]

1. e4 c6 2. d4 d5 3. exd5 cxd5 4. Bd3 Nc6 5. c3 Nf6 6. h3 e5 7. dxe5 Nxe5 8. Bc2 Be7 9. Nf3 Nxf3+ 10. Qxf3 0-0 11. 0-0 Be6 12. Nd2 d4 13. cxd4 Qxd4 14. Nb3 Qd5 15. Qxd5 Nxd5 16. Nd4 Bd7 17. Bb3 Nb4 18. Bd2 Nc6 19. Bc3 Rfd8 20. Rfe1 Bc5 21. Rad1 Nxd4 22. Bxd4 Bb4 23. Re3 Bc6 24. a3 Bf8 25. Red3 a6 26. Bb6 Rxd3 27. Rxd3 Re8 28. Ba5 Re2 29. Bc3 Be7 30. Bd1 Re6 31. Bg4 Rg6 32. Re3 Bc5 33. Rd3 h6 34. b4 1-0

[Event "Titled Tuesday intern op 07th Feb Early"]
[Site "Chess.com INT"]
[Date "2023.02.07"]
[Round "11"]
[White "Zampronha, Wladimir Camilo"]
[Black "Fathy, Elameir"]
[Result "0-1"]
[WhiteElo "2163"]
[BlackElo "2300"]
[PlyCount "82"]
[EventDate "2023.02.07"]
[EventType "swiss (blitz)"]
[EventRounds "11"]
[EventCountry "USA"]
[SourceTitle "EXT 2024"]
[Source "ChessBase"]
[SourceDate "2023.10.10"]
[SourceVersion "1"]
[SourceVersionDate "2023.10.10"]
[SourceQuality "1"]

1. e4 c6 2. d4 d5 3. e5 Bf5 4. Nf3 e6 5. Be2 Nd7 6. 0-0 a5 7. Nbd2 a4 8. c4 a3 9. cxd5 cxd5 10. bxa3 Bxa3 11. Qb3 Bxc1 12. Rfxc1 b6 13. Bb5 Rb8 14. Qa4 Ne7 15. Nh4 Bg6 16. Rc3 Nf5 17. Nxf5 Bxf5 18. Rac1 0-0 19. Bxd7 Ra8 20. Qc6 Rxa2 21. Nf1 h5 22. Bc8 Qg5 23. Qxb6 h4 24. Qb3 Re2 25. Rf3 Be4 26. Ba6 Bxf3 27. Qxf3 Ra2 28. Rc6 Ra1 29. h3 Ra8 30. Be2 Rc1 31. Rxc1 Qxc1 32. Kh2 Qb2 33. Ne3 Qxd4 34. Ng4 Ra2 35. Bd3 Rd2 36. Bb1 Rd1 37. Bc2 Rc1 38. Bb3 Qa1 39. g3 hxg3+ 40. Kxg3 Rc3 41. Nf6+ gxf6 0-1

[Event "Titled Tuesday intern op 10th Jan Early"]
[Site "Chess.com INT"]
[Date "2023.01.10"]
[Round "5"]
[White "Becerra, Juan David"]
[Black "Fathy, Elameir"]
[Result "0-1"]
[WhiteElo "2316"]
[BlackElo "2300"]
[PlyCount "44"]
[EventDate "2023.01.10"]
[EventType "swiss (blitz)"]
[EventRounds "11"]
[EventCountry "USA"]
[SourceTitle "EXT 2024"]
[Source "ChessBase"]
[SourceDate "2023.10.10"]
[SourceVersion "1"]
[SourceVersionDate "2023.10.10"]
[SourceQuality "1"]

1. e4 c5 2. Nf3 d6 3. d4 cxd4 4. Nxd4 Nf6 5. Nc3 a6 6. a4 e5 7. Nf3 Be7 8. Bc4 0-0 9. Bg5 Be6 10. Bxf6 Bxf6 11. Nd5 Be7 12. 0-0 Nd7 13. Qd2 Nb6 14. Nxb6 Qxb6 15. Bxe6 fxe6 16. b3 Rad8 17. Ng5 d5 18. a5 Qc6 19. exd5 exd5 20. Qe3 e4 21. Rad1 h6 22. Nh3 Qxc2 0-1

[Event "Titled Tuesday intern op 10th Jan Early"]
[Site "Chess.com INT"]
[Date "2023.01.10"]
[Round "10"]
[White "Fathy, Elameir"]
[Black "Le Ruyet, Leopold"]
[Result "0-1"]
[WhiteElo "2300"]
[BlackElo "2245"]
[PlyCount "96"]
[EventDate "2023.01.10"]
[EventType "swiss (blitz)"]
[EventRounds "11"]
[EventCountry "USA"]
[SourceTitle "EXT 2024"]
[Source "ChessBase"]
[SourceDate "2023.10.10"]
[SourceVersion "1"]
[SourceVersionDate "2023.10.10"]
[SourceQuality "1"]

1. d4 Nf6 2. c4 g6 3. Nc3 Bg7 4. e4 d6 5. Nf3 0-0 6. Be2 e5 7. d5 a5 8. Bg5 h6 9. Be3 Ng4 10. Bd2 f5 11. h3 Nf6 12. exf5 gxf5 13. g4 f4 14. g5 hxg5 15. Qc2 Qd7 16. 0-0-0 Na6 17. a3 Nc5 18. Nxg5 Qf5 19. Qxf5 Bxf5 20. b4 axb4 21. axb4 Nb3+ 22. Kb2 Nd4 23. Rhg1 Nxe2 24. Nxe2 Ne4 25. Nxe4 Bxe4 26. Bc3 Kh7 27. Nc1 b5 28. Rde1 Bf5 29. c5 dxc5 30. bxc5 Rfe8 31. Na2 Ra4 32. Nb4 Bh8 33. Ra1 e4 34. Rxa4 Bxc3+ 35. Kxc3 bxa4 36. Kd4 e3 37. fxe3 Rxe3 38. d6 cxd6 39. cxd6 Rb3 40. Kc5 Rc3+ 41. Kb5 a3 42. Rg5 Bd7+ 43. Ka5 f3 44. Rc5 Rxc5+ 45. Kb6 Rc4 46. Nd5 Rd4 47. Nf6+ Kg6 48. Nxd7 Rxd6+ 0-1

[Event "Titled Tuesday intern op 10th Jan Early"]
[Site "Chess.com INT"]
[Date "2023.01.10"]
[Round "8"]
[White "Fathy, Elameir"]
[Black "Nguyen, Hong Nhung"]
[Result "1-0"]
[WhiteElo "2300"]
[BlackElo "2003"]
[PlyCount "63"]
[EventDate "2023.01.10"]
[EventType "swiss (blitz)"]
[EventRounds "11"]
[EventCountry "USA"]
[SourceTitle "EXT 2024"]
[Source "ChessBase"]
[SourceDate "2023.10.10"]
[SourceVersion "1"]
[SourceVersionDate "2023.10.10"]
[SourceQuality "1"]

1. d4 Nf6 2. c4 c5 3. d5 b5 4. cxb5 a6 5. bxa6 g6 6. Nc3 Bg7 7. e4 0-0 8. a7 Rxa7 9. Nf3 e6 10. Be2 exd5 11. exd5 d6 12. 0-0 Re8 13. a4 Na6 14. Bb5 Bd7 15. Bf4 Nb4 16. Bxd6 Bxb5 17. Nxb5 Rd7 18. Bxc5 Nfxd5 19. Qb3 Qa5 20. Rad1 Red8 21. Rfe1 Na6 22. Bd4 Bxd4 23. Nbxd4 Nf4 24. Nc6 Rxd1 25. Nxa5 Rxe1+ 26. Nxe1 Re8 27. Nf3 Nc5 28. Qc2 Ne4 29. h3 Nd5 30. Qc6 Rd8 31. Nb7 Nb4 32. Nxd8 1-0

[Event "Titled Tuesday intern op 10th Jan Early"]
[Site "Chess.com INT"]
[Date "2023.01.10"]
[Round "9"]
[White "Kvaloy, Aksel Bu"]
[Black "Fathy, Elameir"]
[Result "0-1"]
[WhiteElo "2233"]
[BlackElo "2300"]
[PlyCount "154"]
[EventDate "2023.01.10"]
[EventType "swiss (blitz)"]
[EventRounds "11"]
[EventCountry "USA"]
[SourceTitle "EXT 2024"]
[Source "ChessBase"]
[SourceDate "2023.10.10"]
[SourceVersion "1"]
[SourceVersionDate "2023.10.10"]
[SourceQuality "1"]

1. d4 d5 2. c4 c6 3. Nf3 Nf6 4. g3 Bf5 5. Nc3 e6 6. Qb3 Qb6 7. c5 Qxb3 8. axb3 Be7 9. b4 0-0 10. b5 cxb5 11. e3 b4 12. Nb5 Nc6 13. Bd2 a6 14. Nd6 Bxd6 15. cxd6 Be4 16. Bg2 Rfd8 17. 0-0 Rxd6 18. Ne5 Bxg2 19. Kxg2 Ne4 20. Be1 f6 21. Nxc6 Rxc6 22. Bxb4 Rac8 23. f3 Rc2+ 24. Kg1 Nd2 25. Rf2 Nb3 26. Raf1 Rxf2 27. Rxf2 Kf7 28. Kf1 a5 29. Be1 Rc1 30. Ke2 Rc2+ 31. Kd3 Rxf2 32. Bxf2 b5 33. Kc3 Nc1 34. Kc2 Na2 35. Be1 b4 36. Kb3 Nc1+ 37. Kc2 Na2 38. Kb3 Nc1+ 39. Ka4 Nd3 40. Bd2 Nxb2+ 41. Kxa5 Nc4+ 42. Kxb4 Nxd2 43. Kc3 Nxf3 44. h3 Ng1 45. Kd3 Nxh3 46. Ke2 Ng5 47. Kf1 h5 48. Kg2 Ne4 49. Kf3 g5 50. g4 Kg6 51. gxh5+ Kxh5 52. Ke2 f5 53. Kd3 g4 54. Kc2 g3 55. Kb3 g2 56. Ka4 g1Q 57. Kb5 Qxe3 58. Kc6 Qxd4 59. Kd7 Qb6 60. Ke7 d4 61. Kf7 f4 62. Ke7 e5 63. Kf7 Nd2 64. Ke7 Nb1 65. Kf7 d3 66. Ke7 e4 67. Kf7 f3 68. Ke7 e3 69. Kf7 d2 70. Ke7 d1Q 71. Kf7 Qd7+ 72. Kg8 f2 73. Kh8 f1Q 74. Kg8 e2 75. Kh8 e1Q 76. Kg8 Qg6+ 77. Kh8 Qc3# 0-1

[Event "Titled Tuesday intern op 22nd Nov Early"]
[Site "Chess.com INT"]
[Date "2022.11.22"]
[Round "7"]
[White "Fathy, Elameir"]
[Black "Ai, Evan Zihao"]
[Result "1-0"]
[WhiteElo "2300"]
[BlackElo "2055"]
[PlyCount "47"]
[EventDate "2022.11.22"]
[EventType "swiss (blitz)"]
[EventRounds "11"]
[EventCountry "USA"]
[SourceTitle "CBM 211 Extra"]
[Source "ChessBase"]
[SourceDate "2023.01.31"]
[SourceVersion "1"]
[SourceVersionDate "2023.01.31"]
[SourceQuality "1"]

1. d4 Nf6 2. c4 e6 3. Nf3 b6 4. g3 Bb7 5. Bg2 Be7 6. 0-0 0-0 7. Nc3 Ne4 8. Bd2 Nxc3 9. Bxc3 f5 10. d5 exd5 11. cxd5 Bf6 12. Nd4 g6 13. Rc1 Qe7 14. Re1 Qg7 15. Qb3 d6 16. Ne6 Qf7 17. Bxf6 Qxf6 18. Nxf8 Kxf8 19. Rxc7 Ba6 20. e4 f4 21. e5 dxe5 22. d6 f3 23. Bxf3 Qxf3 24. Qxf3+ 1-0

[Event "Titled Tuesday intern op 22nd Nov Early"]
[Site "Chess.com INT"]
[Date "2022.11.22"]
[Round "10"]
[White "Fathy, Elameir"]
[Black "Zaichenko, Daria"]
[Result "1-0"]
[WhiteElo "2300"]
[BlackElo "2104"]
[PlyCount "79"]
[EventDate "2022.11.22"]
[EventType "swiss (blitz)"]
[EventRounds "11"]
[EventCountry "USA"]
[SourceTitle "CBM 211 Extra"]
[Source "ChessBase"]
[SourceDate "2023.01.31"]
[SourceVersion "1"]
[SourceVersionDate "2023.01.31"]
[SourceQuality "1"]

1. d4 d5 2. c4 e6 3. Nf3 Be7 4. g3 Nf6 5. Bg2 0-0 6. 0-0 dxc4 7. Na3 Bxa3 8. bxa3 Nd5 9. a4 f5 10. Qc2 c3 11. Ne5 Na6 12. Ba3 Rf6 13. e4 fxe4 14. Bxe4 g6 15. Ng4 Rf8 16. Bxf8 Qxf8 17. Ne3 Nab4 18. Qb3 c6 19. a3 Na6 20. Rfe1 Qg7 21. Nxd5 exd5 22. Bxd5+ cxd5 23. Qxd5+ Be6 24. Qxe6+ Kh8 25. Rac1 Qxd4 26. Rcd1 Qc5 27. Qf6+ Kg8 28. Rd7 Qf8 29. Qxc3 Rc8 30. Qb3+ Kh8 31. Ree7 Qh6 32. Rxh7+ Qxh7 33. Rxh7+ Kxh7 34. Qxb7+ Rc7 35. Qxa6 Rc1+ 36. Kg2 Kh6 37. Qxa7 Ra1 38. Qe3+ Kh5 39. h4 Rxa3 40. Qg5# 1-0

[Event "Titled Tuesday intern op 22nd Nov Early"]
[Site "Chess.com INT"]
[Date "2022.11.22"]
[Round "8"]
[White "Reprintsev, Alexander"]
[Black "Fathy, Elameir"]
[Result "1-0"]
[WhiteElo "2330"]
[BlackElo "2300"]
[PlyCount "37"]
[EventDate "2022.11.22"]
[EventType "swiss (blitz)"]
[EventRounds "11"]
[EventCountry "USA"]
[SourceTitle "CBM 211 Extra"]
[Source "ChessBase"]
[SourceDate "2023.01.31"]
[SourceVersion "1"]
[SourceVersionDate "2023.01.31"]
[SourceQuality "1"]

1. e4 c5 2. b3 g6 3. Bb2 Nf6 4. e5 Nd5 5. Nc3 Nxc3 6. dxc3 d5 7. exd6 Qxd6 8. Qxd6 exd6 9. c4 Rg8 10. 0-0-0 Nc6 11. Ne2 Be6 12. g3 0-0-0 13. Bg2 Kc7 14. Rhe1 h5 15. h4 Bh6+ 16. f4 Rge8 17. Bf6 Rd7 18. Nc3 Rg8 19. Nb5+ 1-0